000 00582nam a2200229Ia 4500
008 160901s9999 xx 000 0 und d
020 _a978-0-07-149069-6
050 _aComSc Z 52.5
050 _b.M52D38 2007
100 _aDavis, Guy Hart -
245 _aHow to do everything with Microsoft Word 2007 /
245 _cGuy Hart-Davis.
260 _aNew York :
260 _bMcGraw-Hill.,
260 _c2007
300 _a486 pages :
300 _bill. ;
300 _c23 cm.
500 _aIncludes index.
650 _aMicrosoft Word.
650 _xWord processing.
999 _c300900
_d300900